Sports Quiz

Random Sports or Football Quiz

Joueurs passés par l'Inter Milan et la ligue 1 Quiz Stats

 Plays Quiz not verified by Sporcle

Support Sporcle.
Go Orange.
Score 0/44 Timer 15:00
0 Plays Today
Pays Joueur % Correct
SuèdeZlatan Ibrahimovic
85.5%
FranceYouri Djorkaeff
83.7%
FrancePatrick Vieira
80.1%
ItalieThiago Motta
74.1%
FranceBenoît Cauet
72.9%
FranceSébastien Frey
70.4%
FranceLaurent Blanc
69.9%
Sierra LeoneMohamed Kallon
68.1%
FranceOlivier Dacourt
67.5%
ItalieChristian Vieri
66.3%
MonténégroStevan Jovetic
63.9%
BrésilMaxwell
59.6%
BrésilMaicon
59.6%
Pays-BasWesley Sneijder
58.4%
FranceStéphane Dalmat
56.6%
RoumanieAdrian Mutu
56%
FranceGeoffrey Kondogbia
55.4%
AllemagneJürgen Klinsmann
54.2%
NigeriaTaribo West
53.6%
ArgentineMauro Icardi
53.6%
ItalieFabio Grosso
53%
FranceOusmane Dabo
50.6%
Pays Joueur % Correct
FranceMikaël Silvestre
48.8%
ColombieFredy Guarin
48.8%
FranceSabri Lamouchi
38.6%
ItalieChristian Panucci
38%
FranceZoumana Camara
36.7%
BelgiqueEnzo Scifo
36.7%
BrésilDalbert
35.5%
FranceJérémie Bréchet
34.9%
AlgérieIshak Belfodil
33.7%
Côte d'IvoireKeita Baldé
33.7%
ItalieMario Balotelli
32.5%
BrésilVampeta
32.5%
Côte d'IvoireCyril Domoraud
31.9%
FranceYann Karamoh
30.7%
AlgérieSaphir Taïder
30.7%
SerbieVladimir Jugovic
30.1%
CroatieDario Simic
30.1%
FranceJocelyn Angloma
25.3%
BrésilJoao Miranda
25.3%
FranceYann M'Vila
24.7%
PortugalRolando
21.7%
SlovénieRene Khrin
20.5%

You're not logged in!

Compare scores with friends on all Sporcle quizzes.
OR
Log In

From the Vault

'R' TV Character Match

by metashades

We're not experts, but we don't think that's the right way to play the flute.
Remove Ads.
Support Sporcle.
Get the best of Sporcle when you Go Orange. This ad-free experience offers more features, more stats, and more fun while also helping to support Sporcle. Thank you for becoming a member.

Show Comments

Extras

Top Quizzes Today


Score Distribution

Your Account Isn't Verified!

In order to create a playlist on Sporcle, you need to verify the email address you used during registration. Go to your Sporcle Settings to finish the process.

Report this User

Report this user for behavior that violates our Community Guidelines.

Details: